[Event "IECC Swiss email"]
[Site "IECC email"]
[Date "2001.08.27"]
[Round "?"]
[White "Hakuc, Waclaw"]
[Black "Nikolaev, Greg"]
[Result "1/2-1/2"]
[WhiteElo "1771"]
[BlackElo "1418"]
[PlyCount "80"]
[EventDate "2001.??.??"]
[EventType "tourn (corr)"]
[EventRounds "6"]
[SourceTitle "Corr 2008"]
[Source "ChessBase"]
[SourceDate "2008.06.24"]
[SourceVersion "1"]
[SourceVersionDate "2008.06.24"]
[SourceQuality "1"]

1. e4 c5 2. Nf3 Nc6 3. Nc3 d6 4. d4 cxd4 5. Nxd4 Nf6 6. Bb5 Bd7 7. Bg5 a6 8. Ba4 Qa5 9. Bxc6 bxc6 10. Qd2 h6 11. Bxf6 exf6 12. 0-0 Be7 13. Rfd1 Qb6 14. a4 0-0 15. b4 Rfe8 16. Rab1 Rab8 17. h3 Bf8 18. b5 cxb5 19. axb5 axb5 20. Ndxb5 Rbc8 21. Rb3 Be6 22. Nd5 Qc5 23. Nbc3 f5 24. exf5 Bxf5 25. Rb5 Qc6 26. Rdb1 Bh7 27. Rb6 Qd7 28. Rb7 Qf5 29. Ne3 Qe5 30. Ncd5 Be4 31. Rf1 Qg5 32. c4 Rb8 33. Ra7 Rb3 34. Rd1 Rd3 35. Qc1 Bxd5 36. Nxd5 Re2 37. Rf1 Qxc1 38. Rxc1 Rdd2 39. Ra8 f5 40. Rf1 Kf7 1/2-1/2

[Event "IECC KO email"]
[Site "IECC email"]
[Date "2001.02.08"]
[Round "?"]
[White "Nikolaev, Greg"]
[Black "Gould, Michael"]
[Result "0-1"]
[WhiteElo "1424"]
[BlackElo "1679"]
[PlyCount "82"]
[EventDate "2001.??.??"]
[EventType "tourn (corr)"]
[EventRounds "6"]
[SourceTitle "Corr 2008"]
[Source "ChessBase"]
[SourceDate "2008.06.24"]
[SourceVersion "1"]
[SourceVersionDate "2008.06.24"]
[SourceQuality "1"]

1. e4 e5 2. Nf3 Nc6 3. Bb5 a6 4. Ba4 Nf6 5. 0-0 b5 6. Bb3 Bb7 7. Ng5 d5 8. exd5 Nd4 9. Re1 Bd6 10. f4 0-0 11. fxe5 Bc5 12. Kh1 Nxb3 13. axb3 Qxd5 14. Qf3 Rae8 15. Qxd5 Nxd5 16. Nf3 Nb4 17. Na3 Bxf3 18. gxf3 f6 19. e6 f5 20. d4 Bxd4 21. c3 Nd3 22. Re2 Bb6 23. Bg5 h6 24. e7 Rf7 25. Bh4 g5 26. Rd1 Rfxe7 27. Rxe7 Rxe7 28. Rxd3 gxh4 29. Rd2 h3 30. Nc2 Rg7 31. Nd4 Bxd4 32. cxd4 Re7 33. Kg1 Re3 34. Kf2 f4 35. b4 Rb3 36. Ke2 Kf7 37. Rc2 Ke6 38. Rxc7 Kd5 39. Rd7+ Kc4 40. Rc7+ Kxd4 41. Rc2 Rxb4 0-1